Choix multiples: South Park - Statistiques

Statistiques générales
  • Ce quiz a été pris 35 fois
  • Le résultat moyen est 6 sur 8
Statistiques - réponses
Question Réponse % Correct
Quel est le nom du premier épisode de la première saison de South Park? Cartman a une sonde an*le
97%
Dans quel Etat se trouve la ville de South Park? Colorado
94%
Dans l'épisode 4 de la saison 22, la famille Marsh part vivre une nouvelle vie... Dans la ferme Tégrité
94%
Quelle mort Kenny n'a t-il jamais expérimenté? S'étouffer avec des cailloux
90%
Qui n'a jamais touché à la drogue? Eric Cartman
87%
Quel personnages n'ont jamais eu une quelconque relation intime ensemble? Kenny McCormick et Satan
68%
Quel est le nom complet de Chef? Jerome "Chef" McElroy
65%
Quelle célébrité n'est jamais apparue dans South Park? Travis Scott
19%
Aucun quiz correspondant
Distribution des résultats
% des personnes avec chaque résultat
Percentile par nombre de réponses
Votre historique - résultats
Vous n’avez pas pris ce quiz